1532 1480 1594 1016 1047 1480 1658 1088 1192 1587 1825 1483 1801 1729 1493 1130 1158 1145 1523 1144 1895 1456 1635 1948 1572 1425 1152 1172 1653 1736 1547 1170 1476 1459 1476 1570 1227 1923 1570 1689 1405 1538 1022 1510 1612 1821 1111 1866 1305 1586 1927 1151 1180 1016 1944 1893 1819 1906 1141 1516 1662 1913 1326 1360 1102 1413 1100 1183 1639 1032 1906 1932 1355 1566 1253 1249 1418 1688 1940 1377 1993 1071 1355 1375 1455 1578 1331 1084 1347 1182 1732 1515 1593 1896 1250 1575 1062 1337 1901 BCNSPRNW ULIB Ver.6.0+V

เปลี่ยนเป็นภาษาไทย

Change to English
 แสดงรายละเอียดบรรณานุกรม
  กลับหน้าหลัก

Brief Record : Get Marc (ISO 2709) : E-mail record : QR code < ปิดหน้าต่าง
LEADER : 00000nam 2200000uu 4500
001    13399108249
003     ULIB
008    110224s2552||||th 000 0 tha d
020    9789748287751
060  4 WS280^bจ464P 2552
110 1  ชมรมโรคระบบหายใจและเวชบำบัดวิกฤตในเด็กแห่งประเทศไทย
245 00 Pediatric pulmonology 2009 :current knowledge and practice/^cจิตลัดดา ดีโรจนวงศ์, ดุสิต สถาวร และนวลจันทร์ ปราบพล, บรรณธิการ
260    กรุงเทพฯ :^bบียอนด์ เอ็นเตอร์ไพรซ์,^c2552.
300    256 หน้า:^bภาพประกอบ.
650  7 กุมารเวชศาสตร์
650  7 โรคระบบหายใจ^xเด็ก
700 0  จิตลัดดา ดีโรจนวงศ์, บรรณธิการ
700 0  ดุสิต สถาวร, บรรณธิการ
700 0  นวลจันทร์ ปราบพล, บรรณธิการ
945    ^p300^l0^i029775
945    ^p300^l0^i027094
945    ^p300^l0^i027093
995    เกษร
999 ^a ใช้งานได้ทุกระบบ
รายการนี้ยังไม่มีแท็ก
คุณยังไม่ได้ล็อกอิน คุณสามารถมีกิจกรรมร่วมกับเว็บไซต์ได้ แต่ต้องล็อกอินก่อน ::
  ล็อกอิน

รายการสื่อสารสนเทศ

ลำดับที่ ประเภท เลขเรียก/บาร์โค้ด สถานที่ สถานะ
- ไม่พบข้อมูล -

รายการใกล้เคียง
    หัวเรื่อง [กุมารเวชศาสตร์]

BibComment


ยังไม่เคยถูกคอมเมนท์

คอมเมนท์ทรัพยากรรายการนี้
  คอมเมนท์: Pediatric pulmono..


 Copyright 2026. Bcnsprnw @Library